|
|
|
|
| LEADER |
01641nam a2200373 a 4500 |
| 001 |
000110216 |
| 003 |
CZ BrMZK |
| 005 |
20080624112053.0 |
| 007 |
ta |
| 008 |
960815s1997 xr f cze d |
| 015 |
|
|
|a cnb000205363
|
| 020 |
|
|
|a 80-01-01551-3
|
| 035 |
|
|
|a (OCoLC)37963034
|
| 040 |
|
|
|a BOA001
|b cze
|
| 080 |
|
|
|a 621.38(075.8)
|2 MRF
|
| 100 |
1 |
|
|a Urbánek, Jan,
|d 1939-
|7 ntka174231
|4 aut
|
| 245 |
1 |
0 |
|a Technologie elektronických zařízení /
|c Jan Urbánek, Edvard Klabačka
|
| 250 |
|
|
|a Vyd. 1.
|
| 260 |
|
|
|a Praha :
|b Vydavatelství ČVUT,
|c 1997
|
| 300 |
|
|
|a 159 s. :
|b il. ;
|c 30 cm
|
| 504 |
|
|
|a Obsahuje bibliografii
|
| 521 |
8 |
|
|a Určeno pro studenty elektrotechnické fakulty
|
| 653 |
0 |
|
|a elektronická zařízení
|
| 700 |
1 |
|
|a Klabačka, Edvard,
|d 1929-
|7 ntka172914
|4 aut
|
| 710 |
2 |
|
|a České vysoké učení technické v Praze.
|b Elektrotechnická fakulta
|7 kn20010710175
|
| 910 |
|
|
|a BOA001
|b 4-1027.096
|b TK-A-0260.336
|
| 920 |
|
|
|a 000124098
|
| 964 |
|
|
|a Zařízení elektronická
|x technologie
|x učebnice
|x školy vysoké
|
| 990 |
|
|
|a BK
|
| 996 |
7 |
|
|b 2610044893
|c 4-1027.096
|l MZK
|r Sklad / do 1 hodiny
|n 13
|p p.v.
|w 000110216
|u 000010
|a 1
|e BOA001
|j MZK50
|s A
|
| 996 |
7 |
|
|b 2620006160
|c TK-A-0260.336
|l MZK
|r Sklad / do 24 hodin
|n 0
|p kup
|w 000110216
|u 000020
|a 1
|e BOA001
|j MZK50
|s A
|
| 996 |
7 |
|
|b 2620006161
|c TK-A-0260.336
|l MZK
|r Sklad / do 24 hodin
|n 0
|p kup
|w 000110216
|u 000030
|a 1
|e BOA001
|j MZK50
|s A
|
| 996 |
7 |
|
|b 2620006854
|c TK-A-0260.336
|l MZK
|r Sklad / do 24 hodin
|n 0
|p kup
|w 000110216
|u 000040
|a 1
|e BOA001
|j MZK50
|s A
|
| 996 |
7 |
|
|b 2620006855
|c TK-A-0260.336
|l MZK
|r Sklad / do 24 hodin
|n 0
|p kup
|w 000110216
|u 000050
|a 1
|e BOA001
|j MZK50
|s A
|